000 00725nam a2200229 a 4500
001 49938
003 BD-RjUL
005 20211209075432.0
008 160823s1952 nyu 000 0 eng d
035 _a(BD-RjUL)50058
040 _aDLC
_cJPL
_dSER
_dXBM
_dUKM
_dEQO
_dBD-RjUL
_beng
041 _aeng
082 _a371.422
_223
_bMOP 1952
100 1 _aMorris, Glyn,
_d1932-
_9149661
245 1 0 _aPractical guidance methods for principals and teachers /
_cby Glyn Morris, foreword by Ruth Strang
260 _aNew York :
_bHarper & Brothers,
_c1952
300 _axii, 266 p. ;
_c22 cm
500 _aIncludes Index
650 0 _aEducational counseling
_9133350
700 _aStrang, Ruth foreword by
_9149662
942 _2ddc
_cBK
999 _c49938
_d49938